| 000 | 00579nam a2200241 a 4500 | ||
|---|---|---|---|
| 001 | nice12345678 | ||
| 003 | IN_TiNIC | ||
| 005 | 20260116011415.0 | ||
| 008 | 050524s1908 teha grp 000 0 per | ||
| 020 |
_a _c100 |
||
| 082 | 0 | 0 |
_a295 _bKIR |
| 100 | _aKirmani, K Khusroo | ||
| 245 | _aFrogh-E-Mizd Yasni | ||
| 260 |
_aTehran _bNo Publisher _c1908 |
||
| 300 | _a311p | ||
| 500 | _aincludes index and biblioraphy | ||
| 505 | 2 | _aHand Written Manuscript | |
| 650 | _aZoroastrianism | ||
| 700 | 1 | _aKirmani, K Khusroo | |
| 902 | _bSRS | ||
| 942 | _cBK | ||
| 999 |
_c1254 _d1254 |
||